Moja sestra upírka 3 tajomstvo krvi

Enregistré dans:
Détails bibliographiques
Auteur principal: Mercerová, Sienna
Autres auteurs: Lorková, Zuzana
Format: Livre
Langue:slovaque
Publié: Praha CooBoo 2015
Édition:1. vyd.
Sujets:
Tags: Ajouter un tag
Pas de tags, Soyez le premier à ajouter un tag!

MARC

LEADER 00000nam a2200000 4500
001 0207189
005 20240502083518.9
020 |a 978-80-7447-186-5 
041 0 |a slo 
044 |a CZ 
245 1 0 |a Moja sestra upírka 3  |b tajomstvo krvi  |c Sienna Mercerová ; preložila Zuzana Lorková 
250 |a 1. vyd. 
264 1 |a Praha  |b CooBoo  |c 2015 
300 |a 191 s. [5 AH] 
610 2 0 |a literatúra 
610 2 0 |a preklady 
100 1 |a Mercerová, Sienna 
700 1 |a Lorková, Zuzana